[Event "Open"]
[Site "Cappelle la Grande FRA"]
[Date "2003.02.23"]
[Round "2"]
[White "Turov,M"]
[Black "Sapis,W"]
[Result "1-0"]
[WhiteElo "2525"]
[BlackElo "2413"]
[EventDate "2003.02.22"]

1. e4 d5 2. exd5 Nf6 3. Bb5+ Bd7 4. Bc4 Bg4 5. f3 Bc8 6. Nc3 Nbd7 7. Nge2
Nb6 8. b3 Nfxd5 9. Nxd5 Nxd5 10. Bb2 e6 11. Ng3 Qh4 12. Qe2 Nf4 13. Qf2 Bd7
14. O-O-O b5 15. Bf1 a5 16. Qd4 Ng6 17. Ne4 f5 18. g3 Qe7 19. Nf2 Qd6 20.
Nd3 Qxd4 21. Bxd4 Kf7 22. h4 h5 23. f4 Bc6 24. Rh2 Be7 25. Re1 Bf6 26. Be5
Rac8 27. Re3 Bd5 28. Bxf6 gxf6 29. Nc5 b4 30. Rhe2 Rce8 31. d4 Re7 32. Re1
Nf8 33. Bb5 c6 34. Bd3 Ng6 35. a3 Rhe8 36. Be2 Rh8 37. Kb2 Nf8 38. Ra1 Nd7
39. axb4 axb4 40. Nd3 Be4 41. Nxb4 Kg6 42. Rc3 Nb8 43. Bd3 Rd8 44. Bxe4
fxe4 45. Ra8 Red7 46. Re3 f5 47. Rxb8 1-0

[Event "Open"]
[Site "Cappelle la Grande FRA"]
[Date "2003.02.23"]
[Round "2"]
[White "Pakleza,Z"]
[Black "Hebden,M"]
[Result "0-1"]
[WhiteElo "2411"]
[BlackElo "2515"]
[EventDate "2003.02.22"]

1. d4 Nf6 2. c4 g6 3. Nc3 Bg7 4. Bg5 O-O 5. e3 c5 6. Nf3 cxd4 7. exd4 d5 8.
Bxf6 Bxf6 9. cxd5 Bg4 10. Be2 Qb6 11. Qb3 Nd7 12. O-O Rfd8 13. Rfd1 Qxb3
14. axb3 Nb6 15. Ra5 Nc8 16. h3 Bxf3 17. Bxf3 Nd6 18. g4 b6 19. Ra4 a5 20.
Ne4 Nxe4 21. Bxe4 b5 22. Raa1 Ra6 23. Rac1 a4 24. Rd3 axb3 25. Rxb3 Rb8 26.
Rc5 Bxd4 27. Rcxb5 Rxb5 28. Rxb5 Rf6 29. Rb4 Bxf2+ 30. Kg2 Bc5 31. Rc4 Be3
32. Rc3 Bd4 33. Rf3 Ra6 34. b3 Ra2+ 35. Kf1 Kg7 36. Rd3 Bc5 37. Rc3 Bd6 38.
Rc2 Ra1+ 39. Ke2 Rb1 40. Rc3 Rb2+ 41. Bc2 Kf6 42. Rf3+ Kg5 43. Kd3 f6 44.
Re3 Be5 45. Re4 Kh4 46. Ra4 Kxh3 47. Ra7 Kxg4 48. Rxe7 h5 49. Bd1+ Kf5 50.
Rh7 Rh2 51. b4 Rh4 52. Ba4 Rxb4 53. Bd7+ Kg5 54. Ke3 0-1

[Event "Open"]
[Site "Cappelle la Grande FRA"]
[Date "2003.02.23"]
[Round "2"]
[White "Ungureanu,E"]
[Black "Iskusnyh,S"]
[Result "1/2-1/2"]
[WhiteElo "2302"]
[BlackElo "2496"]
[EventDate "2003.02.22"]

1. d4 d5 2. c4 c6 3. cxd5 cxd5 4. Nc3 Nf6 5. Bf4 Nc6 6. e3 a6 7. Bd3 Bg4 8.
Nge2 e6 9. O-O Be7 10. Rc1 O-O 11. Bg3 Rc8 12. f3 Bh5 13. Nf4 Bg6 14. Bxg6
hxg6 15. Nd3 Nd7 16. Na4 Nb4 17. Nxb4 Bxb4 18. a3 Be7 19. Qd2 Rc4 20. b3
Rxc1 21. Qxc1 b5 22. Nc5 Qc8 23. Nxd7 Qxd7 24. Qb1 Rc8 25. Rc1 Rc6 26. Be1
Bd6 27. Rxc6 Qxc6 28. Bb4 Bxb4 29. axb4 g5 30. g3 Kf8 31. Kf2 Ke7 32. Ke2
Kd7 33. Kd2 Qc8 34. Qc2 Qh8 35. Kc1 Qh3 36. Qe2 Ke7 37. e4 Kf8 38. exd5
exd5 39. g4 f6 40. Kb2 Kf7 41. Ka2 Qh8 42. Qc2 Qh4 1/2-1/2

[Event "Open"]
[Site "Cappelle la Grande FRA"]
[Date "2003.02.23"]
[Round "2"]
[White "Payen,A"]
[Black "Timoshenko,G"]
[Result "0-1"]
[WhiteElo "2359"]
[BlackElo "2539"]
[EventDate "2003.02.22"]

1. d4 Nf6 2. c4 g6 3. g3 Bg7 4. Bg2 O-O 5. Nc3 d6 6. Nf3 Nc6 7. O-O Rb8 8.
Qd3 Bd7 9. Bd2 Qc8 10. Nd5 Re8 11. e4 Nh5 12. Nb4 Nxd4 13. Nxd4 c5 14. Nbc2
cxd4 15. Nxd4 Bh3 16. Rab1 a6 17. Rfc1 Bxg2 18. Kxg2 Qd7 19. b3 Nf6 20. a4
e6 21. Bg5 Ng4 22. Nf3 Qc6 23. h3 Nf6 24. Bxf6 Bxf6 25. Rd1 Red8 26. Rbc1
Qc5 27. Rc2 Qb4 28. Rcd2 b5 29. axb5 axb5 30. h4 bxc4 31. bxc4 Rbc8 32. Rc2
h5 33. Nh2 Ra8 34. Qf3 Kg7 35. Nf1 Ra5 36. Qe3 Rc8 37. Qd2 Qb7 38. f3 Ra6
39. Ne3 Qa7 40. Kh3 Ra3 41. Nf1 Rxf3 42. Qe2 Qa3 43. Ra2 Qb3 0-1

[Event "Open"]
[Site "Cappelle la Grande FRA"]
[Date "2003.02.23"]
[Round "2"]
[White "Dergatschova Daus,A"]
[Black "Holzke,F"]
[Result "0-1"]
[WhiteElo "2250"]
[BlackElo "2479"]
[EventDate "2003.02.22"]

1. e4 e6 2. d4 d5 3. exd5 exd5 4. Nf3 Nc6 5. Bd3 Bd6 6. O-O Bg4 7. c3 Qd7
8. Nbd2 O-O-O 9. b4 Re8 10. a4 Nce7 11. b5 Ng6 12. b6 a6 13. g3 Nf6 14.
bxc7 h5 15. Qb3 h4 16. Ba3 Bxa3 17. Rfb1 Qxc7 18. Rxa3 hxg3 19. fxg3 Re3
20. Bxg6 Bxf3 21. Bf5+ Kb8 22. Qb6 Re1+ 23. Rxe1 Qxb6 24. Rb3 Qc6 25. Nxf3
Qxa4 26. Rb6 Re8 27. Ne5 Kc7 28. Reb1 Rb8 29. Nxf7 Qa5 30. R6b4 b5 31. g4
Re8 32. Ne5 Ne4 33. Bxe4 dxe4 34. Re1 Rf8 35. d5 Qa2 36. d6+ Kxd6 37. Rbxe4
Qf2+ 38. Kh1 Kc7 39. R4e2 Qc5 40. c4 bxc4 41. Re4 Qd5 42. Kg1 Re8 43. R1e3
Kb7 44. Nxc4 Rxe4 45. Rxe4 Kc6 46. Rf4 Qg5 47. Re4 Kd5 48. Nd6 Kxd6 49. Kf2
Qd2+ 50. Kf3 Qxh2 51. Rd4+ Kc5 52. Rd7 Qh3+ 53. Kf4 Qh6+ 54. Kg3 Qd6+ 55.
Rxd6 Kxd6 56. Kf4 a5 57. Kf5 a4 58. Kg6 Ke5 59. g5 Kf4 0-1

[Event "Open"]
[Site "Cappelle la Grande FRA"]
[Date "2003.02.23"]
[Round "2"]
[White "Grabarczyk,M"]
[Black "Holmsten,A"]
[Result "1-0"]
[WhiteElo "2506"]
[BlackElo "2404"]
[EventDate "2003.02.22"]

1. d4 Nf6 2. c4 g6 3. g3 Bg7 4. Bg2 d5 5. cxd5 Nxd5 6. e4 Nb4 7. d5 c6 8.
a3 Qa5 9. Nc3 cxd5 10. Be3 Nc2+ 11. Qxc2 d4 12. b4 Qc7 13. Bxd4 Bxd4 14.
Nge2 Bxc3+ 15. Nxc3 O-O 16. Qb2 Be6 17. O-O Nc6 18. Rac1 Qe5 19. Rfd1 Rfd8
20. f4 Rxd1+ 21. Rxd1 Qh5 22. Qf2 Rc8 23. Rd3 b6 24. h4 Bc4 25. Rd2 Nd8 26.
Kh2 Ne6 27. Rd7 Nf8 28. Rxe7 Be6 29. Qd4 g5 30. f5 Bb3 31. Kh3 gxh4 1-0

[Event "Open"]
[Site "Cappelle la Grande FRA"]
[Date "2003.02.23"]
[Round "2"]
[White "Grabarczyk,M"]
[Black "Holmsten,A"]
[Result "1-0"]
[WhiteElo "2506"]
[BlackElo "2404"]
[EventDate "2003.02.22"]

1. d4 d5 2. c4 c6 3. Nc3 Nf6 4. e3 a6 5. Nf3 b5 6. b3 Bg4 7. Be2 e6 8. O-O
Nbd7 9. h3 Bh5 10. Bb2 Bd6 11. Ne5 Bxe2 12. Nxe2 Qc7 13. cxd5 cxd5 14. Rc1
Qb8 15. Nxd7 Kxd7 16. f3 Qb7 17. Qd3 Ke7 18. Nc3 b4 19. Na4 Qb5 20. Qd2
Rac8 21. Rce1 Bg3 22. Rc1 Bd6 23. Nc5 Nh5 24. Rfe1 Bg3 25. Red1 a5 26. a3
Bd6 27. axb4 axb4 28. Ra1 Ra8 29. Nd3 Nf6 30. Re1 Rxa1 31. Rxa1 Rb8 32. Re1
Qb7 33. Qe2 Bg3 34. Nc5 Qb5 35. Qxb5 Rxb5 36. Ra1 Bb8 37. Bc1 Nd7 38. Nd3
Rb7 39. Bd2 Bd6 40. Kf1 f5 41. Ra4 Nb6 42. Ra6 Nd7 43. Ra4 Nb6 44. Ra1 Nd7
45. g4 g6 46. gxf5 gxf5 47. Be1 Nb8 48. Ra8 Kd7 49. f4 Kc6 50. Ra4 Kc7 51.
Bxb4 Bxb4 52. Rxb4 Rxb4 53. Nxb4 Nc6 54. Nxc6 Kxc6 55. Ke2 h5 56. h4 Kb5
57. Kd3 Kb4 58. Kc2 Ka5 59. Kb2 1-0

[Event "Open"]
[Site "Cappelle la Grande FRA"]
[Date "2003.02.24"]
[Round "3"]
[White "Burmakin,V"]
[Black "Apicella,M"]
[Result "1-0"]
[WhiteElo "2575"]
[BlackElo "2501"]
[EventDate "2003.02.22"]

1. Nf3 d5 2. d4 e6 3. c4 c6 4. Qc2 Bd6 5. g3 f5 6. Bg2 Nf6 7. O-O O-O 8. b3
Qe7 9. Ne5 a5 10. Nd3 Na6 11. Bf4 Nb4 12. Nxb4 axb4 13. Bxd6 Qxd6 14. Nd2
Bd7 15. Nf3 Ra3 16. Ne5 Rfa8 17. Rfb1 Be8 18. Rb2 Nd7 19. Nd3 dxc4 20. Qxc4
Bf7 21. Qxb4 Qxb4 22. Nxb4 e5 23. Rd1 e4 24. e3 Nf6 25. f3 Bh5 26. Rf1 exf3
27. Bxf3 Bxf3 28. Rxf3 g6 29. Rff2 Re8 30. Rfe2 Re7 31. h3 Ra8 32. Rbc2
Rae8 33. Kf2 Ne4+ 34. Kg2 Nd6 35. Kf2 Ne4+ 36. Kg2 Nd6 37. Kf3 Ne4 38. h4
Nf6 39. Rc1 Ng4 40. Rce1 h5 41. Nd3 Kg7 42. a4 Kf6 43. a5 Ra8 44. b4 Rae8
45. Nc5 Kg7 46. e4 fxe4+ 47. Rxe4 Rf8+ 48. Ke2 Rxe4+ 49. Nxe4 Re8 50. Kd2
Rd8 51. Nc5 Rxd4+ 52. Kc3 Rd5 53. Nxb7 Nf6 54. a6 Rb5 55. Rd1 Rb6 56. Nc5
Rb8 57. Kc4 Nd5 58. Rxd5 cxd5+ 59. Kxd5 Ra8 60. Ke4 1-0

[Event "Open"]
[Site "Cappelle la Grande FRA"]
[Date "2003.02.24"]
[Round "3"]
[White "Holzke,F"]
[Black "Shomoev,A"]
[Result "1/2-1/2"]
[WhiteElo "2479"]
[BlackElo "2541"]
[EventDate "2003.02.22"]

1. e4 e5 2. Nf3 Nc6 3. Bb5 a6 4. Ba4 Nf6 5. O-O Be7 6. Re1 b5 7. Bb3 O-O 8.
h3 Bb7 9. d3 d6 10. a3 Na5 11. Ba2 c5 12. Bd2 Nc6 13. Nc3 Nd4 14. Nxd4 cxd4
15. Ne2 d5 16. exd5 Bxd5 17. Bxd5 Qxd5 18. Nf4 Qc5 19. Bb4 Qc7 20. Nh5 Rfe8
21. Bxe7 Qxe7 22. Qf3 Rac8 23. Re2 Nxh5 24. Qxh5 Rc6 25. Rae1 Re6 26. Qf3
Qc5 27. Qb7 g6 28. b4 Qd6 29. g3 R8e7 30. Qa8+ Kg7 31. Kh2 Rc7 32. Kg1 Rc3
33. f4 exf4 34. Rxe6 fxe6 35. Qb7+ Kh6 36. Qf7 f3 37. Qxf3 Rxc2 38. Rxe6
Qxe6 39. Qf8+ Kh5 40. Qf3+ Kh6 41. Qf8+ Kh5 1/2-1/2

[Event "Open"]
[Site "Cappelle la Grande FRA"]
[Date "2003.02.24"]
[Round "3"]
[White "Murey,J"]
[Black "Vysochin,S"]
[Result "0-1"]
[WhiteElo "2486"]
[BlackElo "2554"]
[EventDate "2003.02.22"]

1. d4 d5 2. c4 e6 3. Nc3 c5 4. cxd5 exd5 5. Nf3 Nc6 6. g3 Nf6 7. Bg2 Be7 8.
O-O O-O 9. dxc5 Bxc5 10. Bg5 d4 11. Ne4 Be7 12. Nxf6+ Bxf6 13. Qd2 h6 14.
Bxf6 Qxf6 15. Rfd1 Rd8 16. b4 a6 17. Qb2 Bf5 18. Rd2 Rd6 19. Nh4 Bd7 20.
Rad1 Re8 21. b5 axb5 22. Qxb5 d3 23. Rxd3 Nd4 24. Qb1 Rxe2 25. Kh1 g5 26.
Nf3 Bf5 27. Rxd4 Rxd4 28. Nxd4 Bxb1 29. Nxe2 Bxa2 30. Bxb7 Qe7 31. Bf3 g4
32. Bxg4 Qe4+ 33. Kg1 Qxg4 34. Rd2 Qc4 35. h4 Bb1 36. Kh2 Be4 37. Nf4 Qc1
38. Rd8+ Kh7 39. Rd7 0-1

[Event "Open"]
[Site "Cappelle la Grande FRA"]
[Date "2003.02.24"]
[Round "3"]
[White "Sandipan,C"]
[Black "Turov,M"]
[Result "1/2-1/2"]
[WhiteElo "2464"]
[BlackElo "2525"]
[EventDate "2003.02.22"]

1. c4 e5 2. Nc3 Nf6 3. Nf3 Nc6 4. a3 g6 5. d3 Bg7 6. e3 O-O 7. Be2 Re8 8.
O-O d6 9. e4 Nd7 10. b4 a5 11. b5 Ncb8 12. Bg5 f6 13. Be3 Nc5 14. d4 exd4
15. Nxd4 Nbd7 16. a4 Nxe4 17. Nxe4 Rxe4 18. Bf3 Rxe3 19. fxe3 Qe7 20. Bd5+
Kh8 21. Ne6 Ne5 22. Nxg7 Kxg7 23. Qd4 c6 24. Bf3 Be6 25. Be2 c5 26. Qc3 Qd8
1/2-1/2

[Event "Open"]
[Site "Cappelle la Grande FRA"]
[Date "2003.02.24"]
[Round "3"]
[White "Yandemirov,V"]
[Black "Schlosser,P"]
[Result "0-1"]
[WhiteElo "2469"]
[BlackElo "2534"]
[EventDate "2003.02.22"]

1. e4 c5 2. Nf3 e6 3. c4 Nc6 4. Nc3 e5 5. Be2 d6 6. d3 f5 7. exf5 Bxf5 8.
O-O Be7 9. Ne1 Nf6 10. f4 Qd7 11. Nc2 Nd4 12. Nxd4 cxd4 13. Nd5 Nxd5 14.
cxd5 O-O 15. Qb3 Bf6 16. Bf3 Rae8 17. Bd2 exf4 18. Bxf4 g5 19. Bd2 g4 20.
Be4 Bxe4 21. dxe4 Rxe4 22. Qd3 Ree8 23. Bh6 Bg7 24. Rxf8+ Rxf8 25. Bxg7
Qxg7 26. Re1 Qf6 27. Qe2 h5 28. Qe6+ Kg7 29. Qxf6+ Kxf6 30. Re4 Kf5 31.
Rxd4 Ke5 32. Rd2 Rf4 33. g3 Rd4 0-1

[Event "Open"]
[Site "Cappelle la Grande FRA"]
[Date "2003.02.24"]
[Round "3"]
[White "McNab,C"]
[Black "Zontakh,A"]
[Result "1/2-1/2"]
[WhiteElo "2423"]
[BlackElo "2508"]
[EventDate "2003.02.22"]

1. c4 Nf6 2. Nf3 e6 3. g3 a6 4. Bg2 b5 5. b3 Bb7 6. O-O Be7 7. Bb2 O-O 8.
d3 d5 9. Nbd2 Nbd7 10. Qc2 c5 11. Rfe1 Qc7 12. Rac1 Rfe8 1/2-1/2

[Event "Open"]
[Site "Cappelle la Grande FRA"]
[Date "2003.02.24"]
[Round "3"]
[White "Zufic,M"]
[Black "Timofeev,Ar"]
[Result "1-0"]
[WhiteElo "2424"]
[BlackElo "2592"]
[EventDate "2003.02.22"]

1. e4 d6 2. d4 Nf6 3. Nc3 g6 4. Be3 c6 5. Qd2 Nbd7 6. Nf3 e5 7. h3 Qe7 8.
Bd3 Bg7 9. O-O O-O 10. Rfe1 Nh5 11. Rad1 b5 12. Bf1 Nb6 13. dxe5 dxe5 14.
Qd6 Qf6 15. Qxf6 Bxf6 16. Rd6 b4 17. Nb1 Be6 18. a3 bxa3 19. Nxa3 Rfc8 20.
Ba6 Rc7 21. Bg5 Kg7 22. Bxf6+ Kxf6 23. Red1 Rb8 24. b3 Nf4 25. h4 Nd7 26.
g3 Nc5 27. gxf4 Nxa6 28. Nxe5 Nc5 29. f3 Rbc8 30. Nac4 Nb7 31. R6d2 Ke7 32.
Ra1 f6 33. Nd3 Bxc4 34. bxc4 Nd6 35. Ra4 Rb8 36. Rd1 f5 37. e5 Nc8 38. Kf2
Nb6 39. Rb4 c5 40. Rb5 Rbc8 41. Nb2 Rd8 42. Rxd8 Kxd8 43. Ke3 Kd7 44. Kd3
Kc6 45. Kc3 Re7 46. Ra5 a6 47. Nd3 Nd7 48. Rxa6+ Nb6 49. Ra5 Nd7 50. Ra8
Kb7 51. Rg8 Kc7 52. h5 Re6 53. Rg7 1-0

[Event "Open"]
[Site "Cappelle la Grande FRA"]
[Date "2003.02.24"]
[Round "3"]
[White "Fernando,D"]
[Black "Rozentalis,E"]
[Result "0-1"]
[WhiteElo "2423"]
[BlackElo "2585"]
[EventDate "2003.02.22"]

1. e4 e6 2. d4 d5 3. e5 c5 4. c3 Qb6 5. Nf3 Bd7 6. Be2 cxd4 7. cxd4 Bb5 8.
Nc3 Bxe2 9. Nxe2 Ne7 10. O-O Nec6 11. Qd3 Nd7 12. Bf4 h6 13. h4 g6 14. Bd2
Be7 15. Qe3 g5 16. Nh2 O-O-O 17. Rab1 gxh4 18. Kh1 Rdg8 19. b4 Rg7 20. a4
Rhg8 21. Qc3 Bxb4 22. Rxb4 Qxb4 23. Qxc6+ bxc6 24. Bxb4 Rxg2 25. Nf4 R2g5
26. Rc1 Kb7 27. Nd3 Nb6 28. Rb1 Kc8 29. Be7 Rf5 30. Bxh4 Nxa4 31. Rc1 Kb7
32. Rb1+ Nb6 33. Nc5+ Kc8 34. f3 Rh5 35. Bf2 Rgg5 36. Rb3 Rh3 37. Na6 Kb7
38. Nc5+ Kc8 39. Ra3 Nc4 40. Rxa7 Rgh5 41. Bg1 Rxf3 42. Kg2 Rf4 43. Kg3
Rhf5 44. Ng4 Nd2 45. Nf6 Rf3+ 46. Kg2 Rg5+ 47. Kh1 Rf1 48. Ra8+ Kc7 49.
Ne8+ Kb6 50. Ra6+ Kb5 51. Nd6+ Kb4 0-1

[Event "Open"]
[Site "Cappelle la Grande FRA"]
[Date "2003.02.24"]
[Round "3"]
[White "Atalik,S"]
[Black "Ramirez,Al"]
[Result "1/2-1/2"]
[WhiteElo "2581"]
[BlackElo "2413"]
[EventDate "2003.02.22"]

1. d4 Nf6 2. c4 c5 3. d5 b5 4. Nf3 b4 5. a3 g6 6. Be3 bxa3 7. Rxa3 d6 8.
Nc3 Bg7 9. g3 O-O 10. Bg2 Nbd7 11. O-O Nb6 12. b3 a5 13. Qc1 Bd7 14. Bh6 a4
15. Bxg7 Kxg7 16. Nxa4 Bxa4 17. bxa4 Rxa4 18. Rxa4 Nxa4 19. e4 Nb6 20. e5
dxe5 21. Nxe5 Qd6 22. Re1 Re8 23. Bh3 Ra8 24. Nc6 e6 25. dxe6 Qxc6 26. Bg2
Qc8 27. Bxa8 Nxa8 28. e7 Nc7 29. Qf4 Ne6 30. Qd6 Ne8 31. Qe5+ Kg8 32. Rb1
Qc7 33. Qxc7 N6xc7 34. Rb6 Kg7 35. g4 g5 36. h4 h6 37. hxg5 hxg5 38. Kg2
Ne6 39. Rb8 N6c7 40. Rb6 Ne6 41. Rb8 N6c7 42. Rb6 1/2-1/2

[Event "Open"]
[Site "Cappelle la Grande FRA"]
[Date "2003.02.24"]
[Round "3"]
[White "Murdzia,P"]
[Black "Luther,T"]
[Result "1-0"]
[WhiteElo "2418"]
[BlackElo "2575"]
[EventDate "2003.02.22"]

1. e4 Nf6 2. e5 Nd5 3. d4 d6 4. Nf3 dxe5 5. Nxe5 c6 6. Bc4 Nd7 7. Nf3 e6 8.
O-O b5 9. Bd3 Bb7 10. Re1 Be7 11. Nbd2 O-O 12. Ne4 a6 13. c3 c5 14. dxc5
Nxc5 15. Nxc5 Bxc5 16. Qe2 Qc7 17. Ne5 f6 18. Qh5 Bxf2+ 19. Kxf2 fxe5+ 20.
Kg1 e4 21. Rxe4 Qb6+ 22. Be3 Nf6 23. Qh3 Qc7 24. Rh4 Qc6 25. Bd4 h6 26. Qg3
Rad8 27. Re1 Rd5 28. Be4 e5 29. Bxd5+ Qxd5 30. Rxe5 Qxa2 31. h3 Rf7 32.
Rxh6 Qxb2 33. Rg6 Kh7 34. Reg5 1-0

[Event "Open"]
[Site "Cappelle la Grande FRA"]
[Date "2003.02.24"]
[Round "3"]
[White "Chernyshov,K"]
[Black "Naumkin,I"]
[Result "1-0"]
[WhiteElo "2561"]
[BlackElo "2412"]
[EventDate "2003.02.22"]

1. Nf3 Nf6 2. c4 b6 3. g3 Bb7 4. Bg2 e6 5. O-O Be7 6. Nc3 O-O 7. Re1 d5 8.
cxd5 exd5 9. d4 Na6 10. Bf4 c5 11. Rc1 Ne4 12. a3 Bf6 13. Be5 Re8 14. e3 h6
15. Qa4 Bxe5 16. Nxe5 Qf6 17. Nxe4 dxe4 18. b4 cxb4 19. Bf1 Nc5 20. dxc5
Qxe5 21. c6 Bc8 22. axb4 a5 23. Red1 Bg4 24. Rd4 b5 25. Qxb5 Qxb5 26. Bxb5
Rab8 27. Rc5 axb4 28. c7 1-0

[Event "Open"]
[Site "Cappelle la Grande FRA"]
[Date "2003.02.24"]
[Round "3"]
[White "Ghane,S"]
[Black "Brodsky,M"]
[Result "1/2-1/2"]
[WhiteElo "2405"]
[BlackElo "2550"]
[EventDate "2003.02.22"]

1. d4 Nf6 2. Nf3 e6 3. e3 b6 4. Bd3 Bb7 5. O-O c5 6. b3 g6 7. Bb2 Bg7 8.
Qe2 O-O 9. Nbd2 Nc6 10. a3 d6 11. Rad1 Qe7 12. Ng5 h6 13. Nh3 cxd4 14. exd4
e5 15. dxe5 Nxe5 16. Bxe5 dxe5 17. Ne4 Nd5 18. Bc4 Rad8 19. Rd3 Qe6 20. f3
b5 21. Bxd5 Rxd5 22. Rxd5 Qxd5 23. Rd1 Qc6 24. Nhf2 Qb6 25. b4 Bc6 26. Rd6
Rd8 27. Qd2 Rxd6 28. Qxd6 Qe3 29. g3 Bxe4 30. fxe4 Qxa3 31. Qb8+ Bf8 32.
Nd3 Qc3 33. Qxb5 Qxc2 34. Qd5 Qb1+ 35. Kg2 Qc2+ 36. Nf2 Bxb4 37. Qxe5 a5
38. Qe8+ Kg7 39. Qe5+ Kh7 40. Qd5 Kg7 41. Qd4+ Kg8 42. Qd8+ Bf8 43. Qxa5
Qe2 44. Qd8 h5 45. Qd3 1/2-1/2

[Event "Open"]
[Site "Cappelle la Grande FRA"]
[Date "2003.02.24"]
[Round "3"]
[White "Delaunay,S"]
[Black "Jaracz,P"]
[Result "0-1"]
[WhiteElo "2315"]
[BlackElo "2546"]
[EventDate "2003.02.22"]

1. Nf3 Nf6 2. c4 c6 3. d4 d5 4. e3 Bg4 5. Bd3 e6 6. Nbd2 Nbd7 7. O-O Bd6 8.
e4 dxe4 9. Nxe4 Nxe4 10. Bxe4 O-O 11. Qb3 Qc7 12. h3 Bh5 13. Ng5 Nf6 14.
Bf3 Bg6 15. Re1 Rad8 16. Ne4 Bh2+ 17. Kh1 Bxe4 18. Bxe4 Rxd4 19. Bf3 Rfd8
20. Be3 Rd3 21. Qa4 a6 22. Be2 Rxe3 0-1

[Event "Open"]
[Site "Cappelle la Grande FRA"]
[Date "2003.02.24"]
[Round "3"]
[White "Rausis,I"]
[Black "Skytte,R"]
[Result "1/2-1/2"]
[WhiteElo "2537"]
[BlackElo "2402"]
[EventDate "2003.02.22"]

1. d4 Nf6 2. Nf3 e6 3. g3 b5 4. Bg2 Bb7 5. O-O Be7 6. Bg5 d6 7. Qd3 a6 8.
c4 bxc4 9. Qxc4 Nbd7 10. Nbd2 O-O 11. b4 h6 12. Bxf6 Bxf6 13. Rac1 Rc8 14.
Nb3 Bd5 15. Qxa6 Ra8 16. Qd3 Rxa2 17. e4 Bxb3 18. Qxb3 Ra7 19. Rfd1 Qb8
1/2-1/2

[Event "Open"]
[Site "Cappelle la Grande FRA"]
[Date "2003.02.24"]
[Round "3"]
[White "Timoshenko,G"]
[Black "Petrik,T"]
[Result "1-0"]
[WhiteElo "2539"]
[BlackElo "2393"]
[EventDate "2003.02.22"]

1. e4 e6 2. d4 d5 3. Nc3 Bb4 4. e5 c5 5. a3 Bxc3+ 6. bxc3 Ne7 7. Qg4 Qc7 8.
Qxg7 Rg8 9. Qxh7 cxd4 10. Ne2 Nbc6 11. f4 Bd7 12. Qd3 dxc3 13. Rb1 Nf5 14.
Rg1 O-O-O 15. Qxc3 d4 16. Qc5 Be8 17. g4 Nh4 18. Rg3 f6 19. exf6 Bg6 20. f5
Rd5 21. Qc4 Bf7 22. fxe6 Bxe6 23. g5 Re5 24. Bh3 Re8 25. Bf4 Qa5+ 26. Kd1
Bxh3 27. Bxe5 Bf1 28. f7 Rf8 29. Qe6+ Kd8 30. Qd6+ 1-0

[Event "Open"]
[Site "Cappelle la Grande FRA"]
[Date "2003.02.24"]
[Round "3"]
[White "Martyn,R"]
[Black "Fercec,N"]
[Result "0-1"]
[WhiteElo "2187"]
[BlackElo "2484"]
[EventDate "2003.02.22"]

1. d4 d5 2. c4 c6 3. Nc3 Nf6 4. e3 a6 5. Qc2 b5 6. b3 g6 7. Bd3 Bg7 8. Nf3
O-O 9. O-O Nbd7 10. Bb2 Bb7 11. Rfd1 Rc8 12. Rac1 Qc7 13. Qe2 Qb8 14. a4 b4
15. Nb1 a5 16. Nbd2 Rfe8 17. c5 e6 18. e4 dxe4 19. Nxe4 Nxe4 20. Bxe4 Nf6
21. Ne5 Nd5 22. Nc4 Ba6 23. Qf3 Bxc4 24. bxc4 Ne7 25. h4 Red8 26. Qe3 h5
27. Rd3 Nf5 28. Bxf5 exf5 29. Qd2 Qa7 30. Re1 Rd7 31. Qc2 Rcd8 32. Red1 Qc7
33. Qd2 Kh7 34. Bc1 Rxd4 35. Rxd4 Rxd4 36. Qe2 Qe5 37. Be3 Rxd1+ 38. Qxd1
Qa1 39. Qxa1 Bxa1 0-1

[Event "Open"]
[Site "Cappelle la Grande FRA"]
[Date "2003.02.24"]
[Round "3"]
[White "Bocharov,D"]
[Black "Ungureanu,E"]
[Result "1/2-1/2"]
[WhiteElo "2524"]
[BlackElo "2302"]
[EventDate "2003.02.22"]

1. d4 Nf6 2. Nf3 g6 3. c4 Bg7 4. g3 d6 5. Bg2 c6 6. O-O O-O 7. Nc3 Nbd7 8.
e4 e5 9. Be3 Ng4 10. Bg5 f6 11. Bc1 Nh6 12. Qc2 Nf7 13. Rd1 Re8 14. b4 Qc7
15. Be3 Bh6 16. Bxh6 Nxh6 17. Rd2 Nf7 18. Rad1 Nf8 19. c5 dxc5 20. bxc5 Qa5
21. Ne2 Bg4 22. h3 Bxf3 23. Bxf3 Ne6 24. Rc1 exd4 25. Nxd4 Rad8 26. Nb3
Rxd2 27. Qxd2 Qxd2 28. Nxd2 Nd4 29. Bd1 Ng5 30. Kg2 b6 31. f3 Nge6 32. cxb6
axb6 33. Kf2 Ra8 34. a4 b5 35. axb5 cxb5 36. Rc3 b4 37. Rd3 Kf8 38. Ke3 Ra3
39. Nc4 Ra1 40. h4 f5 41. Rd2 Rc1 42. Na5 Rc3+ 43. Rd3 Ke7 44. Kd2 Ra3 45.
Nc4 Ra2+ 46. Ke3 Rg2 47. Rxd4 Nxd4 48. Kxd4 Rxg3 49. Ne5 Rh3 50. Kd5 Kd8
1/2-1/2

[Event "Open"]
[Site "Cappelle la Grande FRA"]
[Date "2003.02.24"]
[Round "3"]
[White "Meynard,T"]
[Black "Makarov,M"]
[Result "0-1"]
[WhiteElo "2194"]
[BlackElo "2512"]
[EventDate "2003.02.22"]

1. d4 Nf6 2. c4 e6 3. Nc3 Bb4 4. f3 c5 5. d5 O-O 6. e4 d6 7. Bg5 h6 8. Bh4
Re8 9. Nge2 exd5 10. cxd5 Nbd7 11. g4 c4 12. Bg2 Bc5 13. Qd2 Ne5 14. Nc1
Nxe4 15. Bxd8 Nxd2 16. Kxd2 Rxd8 17. h3 f5 18. Kc2 Bd7 19. a4 Re8 20. N1e2
Nd3 21. Ng3 g6 22. gxf5 gxf5 23. Nh5 Kf7 24. Rhd1 Rg8 25. Bf1 Rg5 26. Bxd3
cxd3+ 27. Rxd3 Rxh5 28. f4 Rh4 29. Rf1 Rg8 30. Rff3 Kf6 31. Rd2 Be8 32. Re2
Bf7 33. Kd3 Rg1 34. Kc4 Bh5 35. Re6+ Kf7 36. Rxh6 Bxf3 37. Rxh4 Kg7 0-1

[Event "Open"]
[Site "Cappelle la Grande FRA"]
[Date "2003.02.24"]
[Round "3"]
[White "Malakhatko,V"]
[Black "Gharamian,T"]
[Result "1/2-1/2"]
[WhiteElo "2512"]
[BlackElo "2239"]
[EventDate "2003.02.22"]

1. d4 Nf6 2. Nf3 c5 3. d5 g6 4. Nc3 d6 5. e4 Bg7 6. Be2 O-O 7. O-O Na6 8.
Bf4 Nc7 9. a4 Bg4 10. Nd2 Bxe2 11. Qxe2 e6 12. Qd3 exd5 13. exd5 Nh5 14.
Be3 f5 15. Nf3 h6 16. Rad1 g5 17. Bc1 Qf6 18. Nb5 Nxb5 19. Qxb5 g4 20. Nd2
b6 21. Nc4 Qh4 22. c3 a6 23. Qb3 b5 24. axb5 axb5 25. Qxb5 Rab8 26. Qa6 Ra8
27. g3 Rxa6 28. gxh4 f4 29. f3 gxf3 30. Rxf3 Rf5 31. Kg2 Bf8 32. Ne3 Re5
33. Ng4 Re4 34. Rf2 Ra8 35. Kf3 Rae8 36. Bd2 Kf7 37. Ra1 Kg6 38. Rg2 Kf5
39. Ra7 R8e7 40. Rxe7 Rxe7 41. Nf2 Ke5 42. Nd3+ Kxd5 43. Nxf4+ Nxf4 44.
Bxf4 Kc4 45. Rg6 d5 46. h5 Rb7 47. Rg8 Bg7 48. Kg4 Kb3 49. Rd8 Kxb2 50.
Rxd5 c4 51. Bd2 Rb6 52. Be3 Rc6 53. Rd7 Bxc3 54. Rh7 Be5 55. Kf5 Bxh2 56.
Rxh6 Rxh6 57. Bxh6 c3 58. Bg5 Bd6 59. h6 Bf8 60. h7 Bg7 1/2-1/2

[Event "Open"]
[Site "Cappelle la Grande FRA"]
[Date "2003.02.24"]
[Round "3"]
[White "Totsky,L"]
[Black "Roberts,P"]
[Result "1-0"]
[WhiteElo "2511"]
[BlackElo "2185"]
[EventDate "2003.02.22"]

1. e4 d6 2. d4 Nf6 3. Nc3 g6 4. h3 Bg7 5. Be3 O-O 6. Qd2 c6 7. g4 b5 8. Bg2
b4 9. Nce2 a5 10. Ng3 e5 11. N1e2 Ba6 12. a3 Nfd7 13. axb4 axb4 14. Rd1 Re8
15. O-O Qa5 16. f4 exd4 17. Bxd4 Bxd4+ 18. Qxd4 Qc5 19. Qxc5 Nxc5 20. Rxd6
Bxe2 21. Nxe2 Nxe4 22. Bxe4 Rxe4 23. Rd8+ Kg7 24. Kf2 b3 25. c3 c5 26. Rc8
Ra2 27. Kf3 Rxe2 28. Kxe2 Rxb2+ 29. Kd3 Nd7 30. Rc7 Nb6 31. Rxc5 Rh2 32.
Rb5 Na4 33. Kc4 Rxh3 34. Rxb3 Rh2 35. Kb5 Nb2 36. c4 1-0

[Event "Open"]
[Site "Cappelle la Grande FRA"]
[Date "2003.02.24"]
[Round "3"]
[White "Czarnota,D"]
[Black "Kuzmin,G"]
[Result "0-1"]
[WhiteElo "2191"]
[BlackElo "2495"]
[EventDate "2003.02.22"]

1. e4 e5 2. Nf3 Nc6 3. Nc3 Nf6 4. a3 Be7 5. d4 exd4 6. Nxd4 O-O 7. Be2 d5
8. exd5 Nxd5 9. Nxd5 Qxd5 10. Nxc6 Qxc6 11. Bf3 Qg6 12. O-O Bd6 13. Be3 Bf5
14. Bh5 Qf6 15. Bd4 Be5 16. Bxe5 Qxe5 17. Re1 Qxb2 18. Rb1 Qxa3 19. Rxb7
Qc5 20. Bf3 Rae8 21. Rxe8 Rxe8 22. g4 Be6 23. Qd3 Bc4 24. Qc3 a5 25. Rb1 h6
26. Rd1 Re5 27. Rd4 Be6 28. Rd8+ Kh7 29. Be4+ g6 30. Qxc5 Rxc5 31. f3 Kg7
32. Kf2 h5 33. h3 Kf6 34. Kg3 Ke5 35. Bd3 Rd5 36. Ra8 Kd4 37. Ra7 Rc5 38.
f4 hxg4 39. hxg4 Bd5 40. f5 g5 41. Ra6 Ke3 42. Ra7 Be4 43. Bxe4 Kxe4 44.
Ra8 Rc3+ 0-1